Państwa po losowym obrazku - Statystyki

Ogólne statystyki
  • Ten quiz został rozwiązany 53 razy
  • Średni wynik to 11 z 16
Statystyki odpowiedzi
Obrazkowy Odpowiedź % Poprawnych
Białoruś
98%
Rosja
96%
Kazachstan
94%
Australia
92%
Egipt
92%
Chiny
88%
Wietnam
86%
Somaliia
78%
Filipiny
76%
Wielka Brytania
75%
Serbia
61%
Etiopia
59%
Sudan Południowy
45%
Gwatemala
35%
Estonia
10%
Maroko
8%
Nie znaleziono quizów pasujących do podanych kryteriów
Rozkład punktacji
Procent ludzi z każdym wynikiem
Percentyl według liczby udzielonych odpowiedzi
Twoja historia wyników
Nie rozwiązałeś tego quizu